LEADER 00757nam0-22003011i-450- 001 990003279560403321 005 20001010 035 $a000327956 035 $aFED01000327956 035 $a(Aleph)000327956FED01 035 $a000327956 100 $a20000920d1948----km-y0itay50------ba 101 0 $aita 105 $ay-------001yy 200 1 $aRECLAMATION PROJECT DATA 205 $a1 210 $aWashington$cGoverment Printing Office$d1948 215 $app.489 610 0 $aStati Uniti d'America 676 $a207.000 801 0$aIT$bUNINA$gRICA$2UNIMARC 901 $aBK 912 $a990003279560403321 952 $a207.000.REC$b3422$fDECGE 959 $aDECGE 996 $aRECLAMATION PROJECT DATA$9451274 997 $aUNINA DB $aING01 LEADER 01899nam 2200457I 450 001 9910703578403321 005 20150225070621.0 035 $a(CKB)5470000002431914 035 $a(OCoLC)904008531 035 $a(EXLCZ)995470000002431914 100 $a20150225j198406 ua 0 101 0 $aeng 135 $aurbn||||||||| 181 $ctxt$2rdacontent 182 $cc$2rdamedia 183 $acr$2rdacarrier 200 10$aBuilding unit cohesion via the Videodisc Interpersonal Skills Training and Assessment (VISTA) Unit Training Program (VUTP) /$fD. Bruce Bell and Gary Brosvic 210 1$aAlexandria, VA :$cU.S. Army Research Institute for the Behavioral and Social Sciences,$dJune 1984. 215 $a1 online resource (75 unnumbered pages) $cillustration 225 1 $aResearch note ;$v84-104 300 $aTitle from title screen (viewed Feb. 24, 2015). 300 $a"June 1984." 320 $aIncludes bibliographical references (page 27). 517 $aBuilding unit cohesion via the Videodisc Interpersonal Skills Training and Assessment 606 $aInteractive videos$zUnited States 606 $aLeadership$xComputer-assisted instruction 606 $aInterpersonal relations$xComputer-assisted instruction 606 $aMilitary education$zUnited States 615 0$aInteractive videos 615 0$aLeadership$xComputer-assisted instruction. 615 0$aInterpersonal relations$xComputer-assisted instruction. 615 0$aMilitary education 700 $aBell$b D. Bruce$01397737 702 $aBrosvic$b Gary 712 02$aU.S. Army Research Institute for the Behavioral and Social Sciences, 801 0$bGPO 801 1$bGPO 906 $aBOOK 912 $a9910703578403321 996 $aBuilding unit cohesion via the Videodisc Interpersonal Skills Training and Assessment (VISTA) Unit Training Program (VUTP)$93502336 997 $aUNINA